Cải cách Hồ Quý Ly
Quyển sách giới thiệu cuộc đời và sự nghiệp và công cuộc cải cách của Hồ Quý Ly - một nhà cải cách lớn của thế kỷ XIV, đầu thế kỷ XV ở nước ta.
保存先:
| 第一著者: | |
|---|---|
| フォーマット: | 図書 |
| 言語: | Undetermined |
| 出版事項: |
Thành phố Hồ Chí Minh
Tổng hợp Thành phố Hồ Chí Minh
2012
|
| 主題: | |
| タグ: |
タグ追加
タグなし, このレコードへの初めてのタグを付けませんか!
|
| Thư viện lưu trữ: | Trung tâm Học liệu Trường Đại học Cần Thơ |
|---|
| LEADER | 00917nam a2200217Ia 4500 | ||
|---|---|---|---|
| 001 | CTU_210737 | ||
| 008 | 210402s9999 xx 000 0 und d | ||
| 020 | |c 60000 | ||
| 082 | |a 959.7092 | ||
| 082 | |b Th107 | ||
| 100 | |a Phan, Đăng Thanh | ||
| 245 | 0 | |a Cải cách Hồ Quý Ly | |
| 245 | 0 | |c Phan Đăng Thanh, Trương Thị Hòa | |
| 260 | |a Thành phố Hồ Chí Minh | ||
| 260 | |b Tổng hợp Thành phố Hồ Chí Minh | ||
| 260 | |c 2012 | ||
| 520 | |a Quyển sách giới thiệu cuộc đời và sự nghiệp và công cuộc cải cách của Hồ Quý Ly - một nhà cải cách lớn của thế kỷ XIV, đầu thế kỷ XV ở nước ta. | ||
| 650 | |a Vietnam,Việt Nam | ||
| 650 | |x History,Lịch sử | ||
| 904 | |i Trương Thị Kiều Trinh,Hải | ||
| 980 | |a Trung tâm Học liệu Trường Đại học Cần Thơ | ||